000 01210nam a2200241 i 4500
001 161070
003 ES-MaACL
005 20250716063319.0
008 981207s1873 sp |||| | spa d
080 _a355.351(460)"18"
100 1 _aOrozco y Zúñiga, José Antonio de,
_d1810-1881
_eaut
_9130694
245 1 0 _aMemoria acerca de los trabajos llevados a cabo por la Comisión de Reorganización del Ejército, dirigida al Excmo. Sr. Ministro de la Guerra /
_cpor José de Orozco y Zúñiga.
260 _aMadrid :
_b[s.n.],
_c1873
_f(Imp. y Litografía del Depósito de la Guerra)
300 _a19 páginas ;
_c26 cm.
650 4 _aEjército-
_zEspaña-
_yS.XIX.
_9166099
650 4 _aFuerzas armadas-
_zEspaña-
_yS.XIX
_913003
710 1 _aEspaña.
_bDepósito de la Guerra.
_eprm
_9167579
852 4 _aES-MaACL
_cDEPOF
_gDedicatoria autógrafa de Luis Vidart al Ateneo de Madrid
_hDonativo de Luis Vidart
_jT-151-F-7
_xEnc. en un vol. facticio
_xHolandesa, falto de cub. original
852 4 _aES-MaACL
_cDEPOF
_jT-151-F-8
_xEnc. en un vol. facticio
_xHolandesa, falto de cub. original
942 _2udc
_cFOLLETOS
_n0
999 _c161070
_d161070